Stanovenie kovov v tabakových výrobkoch a v ľudských vlasoch atómovou absorpčnou spektrometriou

Saved in:
Bibliographic Details
Main Author: Tichá, Natália (Author)
Other Authors: Čacho, František (Thesis advisor)
Format: Manuscript Book
Language:Slovak
Published: 2023
Subjects:
Online Access:http://is.stuba.sk/zp/portal_zp.pl?podrobnosti=169566
Tags: Add Tag
No Tags, Be the first to tag this record!

MARC

LEADER 00000ntm a22000003a 4500
001 stuzp94554
003 SK-STU
005 20230909222458.5
007 ta
008 150427s2015----xo-----f-mn---000-0-slo-d
040 |a STU  |b slo 
041 0 |a slo 
100 1 |a Tichá, Natália  |u 041000  |4 aut  |U FCHPT Fakulta chemickej a potravinárskej technológie  |T FCHPT Ústav analytickej chémie  |X 99085  |U C1000  |Y 99  |7 99085 
242 0 1 |a Determination of metals in tobacco products and in human hair by atomic absorption spectrometry  |y eng 
245 1 0 |a Stanovenie kovov v tabakových výrobkoch a v ľudských vlasoch atómovou absorpčnou spektrometriou 
260 |c 2023 
650 4 |a cigareta  |2 slo 
650 4 |a HR-CS AAS  |2 slo 
650 4 |a vlasy  |2 slo 
650 4 |a ťažké kovy  |2 slo 
650 4 |a cigarette  |2 eng 
650 4 |a heavy metals  |2 eng 
650 4 |a hair  |2 eng 
650 4 |a HR-CS AAS  |2 eng 
700 1 |a Čacho, František  |u 041000  |k Z1  |4 ths  |U FCHPT Fakulta chemickej a potravinárskej technológie  |T FCHPT Ústav analytickej chémie  |X 19738  |U C1000  |Y 99  |7 A0000019738 
856 4 |u http://is.stuba.sk/zp/portal_zp.pl?podrobnosti=169566